Spanish 5000 (5/10) - Statistics

General Stats
  • This quiz has been taken 76 times
  • The average score is 180 of 500
Answer Stats
English Spanish % Correct
with you contigo
100%
detail detalle
100%
Sunday domingo
100%
milk leche
100%
moment, time momento
100%
to produce, cause producir
100%
social social
100%
to where? adónde
88%
friend amigo
88%
to learn aprender
88%
artist, performer artista
88%
blue azul
88%
Bible biblia
88%
community comunidad
88%
with me conmigo
88%
difficult, hard difícil
88%
double doble
88%
gasoline gasolina
88%
cat gato
88%
impatient impaciente
88%
mom mamá
88%
muscle músculo
88%
music música
88%
nose nariz
88%
ninety noventa
88%
eighty ochenta
88%
office oficina
88%
gold oro
88%
romantic romántico
88%
to dry secar
88%
second segundo
88%
early temprano
88%
tropical tropical
88%
active activo
75%
wide ancho
75%
well bien
75%
arm brazo
75%
client, customer cliente
75%
colonial colonial
75%
coast costa
75%
inside dentro
75%
from, since desde
75%
destruction destrucción
75%
to smoke fumar
75%
usual, habitual, customary habitual
75%
hour, time (specific) hora
75%
to identify identificar
75%
impression, printing impresión
75%
intelligence inteligencia
75%
invasion invasión
75%
irony ironía
75%
pencil lápiz
75%
handle, mango mango
75%
medicine medicina
75%
message mensaje
75%
black negro
75%
news noticia
75%
observation observación
75%
oral oral
75%
pasta, dough pasta
75%
population población
75%
private privado
75%
chemistry, chemist química
75%
reconstruction reconstrucción
75%
to regulate, adjust regular
75%
resolution resolución
75%
seventy setenta
75%
soldier soldado
75%
to smile sonreír
75%
dream, sleep sueño
75%
TV, television televisión
75%
to touch, play (instrument) tocar
75%
tourist turista
75%
urban, city, urbane urbano
75%
cow vaca
75%
valley valle
75%
video vídeo
75%
flight vuelo
75%
heat, warmth calor
63%
to cancel cancelar
63%
chapter capítulo
63%
to capture capturar
63%
coconut coco
63%
to combine combinar
63%
completely completamente
63%
constitutional constitucional
63%
price, cost, expense costo
63%
cream crema
63%
body cuerpo
63%
to defend, protect defender
63%
department, apartment departamento
63%
god, divinity dios
63%
bedroom, dormitory dormitorio
63%
to eliminate, exclude eliminar
63%
this (m) [esta (f)] este
63%
eternity eternidad
63%
ethics ética
63%
heroic heroico
63%
infection infección
63%
limitation limitación
63%
linguistic lingüístico
63%
corn, maize maíz
63%
mind mente
63%
mystery misterio
63%
modification, alteration modificación
63%
nothing, (not) at all nada
63%
narration, account narración
63%
necessary necesario
63%
opposition oposición
63%
panic pánico
63%
pants, trousers pantalón
63%
to pronounce pronunciar
63%
lung pulmón
63%
to burn quemar
63%
recent reciente
63%
reduction reducción
63%
to represent representar
63%
to breathe respirar
63%
clothes, clothing ropa
63%
room, hall sala
63%
superficial superficial
63%
territory territorio
63%
tragic trágico
63%
transition transición
63%
empty, vacant vacío
63%
vein vena
63%
to accelerate, speed (up) acelerar
50%
adolescence adolescencia
50%
aggression, attack agresión
50%
air, wind, appearance aire
50%
allusion, hint alusión
50%
to appear aparecer
50%
(musical) band, sash banda
50%
inexpensive barato
50%
bar, rod, rail barra
50%
drunk borracho
50%
talk, chat charla
50%
hundred ciento
50%
to compose, be part of componer
50%
criterion criterio
50%
daily diario
50%
elemental, basic elemental
50%
slave esclavo
50%
specialty, specialized field especialidad
50%
experimental experimental
50%
factory, manufacture fábrica
50%
cool, healthy, fresh fresco
50%
functional funcional
50%
habitually habitualmente
50%
illustration ilustración
50%
Indian indio
50%
to initiate, start iniciar
50%
injustice injusticia
50%
institutional institucional
50%
legitimate legítimo
50%
leadership liderazgo
50%
way, manner manera
50%
molecule molécula
50%
engine, motor motor
50%
nerve nervio
50%
nostalgia, homesickness nostalgia
50%
obstacle obstáculo
50%
organization organización
50%
oxygen oxígeno
50%
pact, agreement pacto
50%
peseta (money) peseta
50%
painted pintado
50%
power poder
50%
police, police force, police officer policía
50%
power, potential potencia
50%
publicly, in public públicamente
50%
respective respectivo
50%
to answer, respond responder
50%
Roman romano
50%
blond, fair rubio
50%
to know (a fact), find out saber
50%
salary, wages salario
50%
to follow, keep on seguir
50%
security, safety seguridad
50%
seminar, seminary seminario
50%
snake serpiente
50%
socialism socialismo
50%
solar solar
50%
solution, answer solución
50%
rate, tariff tarifa
50%
tendency, style tendencia
50%
vital, lively, essential vital
50%
abortion aborto
38%
to bore, tire aburrir
38%
here, around here acá
38%
to guess, solve adivinar
38%
turned off apagado
38%
apart, aside, separately aparte
38%
to fix, arrange arreglar
38%
associated asociado
38%
atmosphere, environment atmósfera
38%
authorization autorización
38%
plane, airplane, aircraft avión
38%
capitalist capitalista
38%
centimeter centímetro
38%
clearness, clarity claridad
38%
involvement, complicity complicidad
38%
buyer comprador
38%
to conform conformar
38%
to know (someone or place) conocer
38%
to console consolar
38%
creator creador
38%
creature, child criatura
38%
raw, crude, natural crudo
38%
question, matter cuestión
38%
respectable, decent decente
38%
density, thickness densidad
38%
unknown desconocido
38%
to want, desire, wish for desear
38%
unemployment desempleo
38%
drawing, sketch dibujo
38%
difficulty, obstacle dificultad
38%
dynamics dinámica
38%
discipline, subject disciplina
38%
disgust, annoyance disgusto
38%
dispute, argument, quarrel disputa
38%
district, area distrito
38%
to hurt doler
38%
emphasis énfasis
38%
between, among entre
38%
structure estructura
38%
study, learning estudio
38%
fabulous, fantastic fabuloso
38%
to be lacking faltar
38%
formidable, tremendous formidable
38%
founder fundador
38%
to spend (money) gastar
38%
tool herramienta
38%
man, mankind, husband hombre
38%
schedule, timetable horario
38%
import, importation importación
38%
inevitable, unavoidable inevitable
38%
to invent, make up inventar
38%
legislator legislador
38%
literature literatura
38%
mandate, order, command mandato
38%
makeup maquillaje
38%
younger, youngest menor
38%
million, fortune millón
38%
negative, denial negativa
38%
nucleus, core núcleo
38%
proud, arrogant orgulloso
38%
participant participante
38%
chest, breast pecho
38%
powerful poderoso
38%
part, portion, share porción
38%
posture, position, attitude postura
38%
prince príncipe
38%
prohibition prohibición
38%
property propiedad
38%
purely, simply puramente
38%
to reform, renovate reformar
38%
to register, record registrar
38%
to reiterate, repeat reiterar
38%
healthy, wholesome saludable
38%
en s.: right away, at once seguida
38%
simple, plain, easy sencillo
38%
symphony sinfonía
38%
to fear temer
38%
tumor, growth tumor
38%
variable, changeable variable
38%
vocation, calling vocación
38%
somebody, someone, anyone alguien
25%
widely ampliamente
25%
antecedent antecedente
25%
apparently aparentemente
25%
to murder, assassinate asesinar
25%
to assign, allocate asignar
25%
attribute, quality atributo
25%
to beat (object) batir
25%
edge borde
25%
ox buey
25%
hip cadera
25%
bell campana
25%
Canadian canadiense
25%
highway, road carretera
25%
heavenly, sky-blue celeste
25%
cent centavo
25%
committee, commission comité
25%
competitive competitivo
25%
component, ingredient componente
25%
continuously continuamente
25%
costly, expensive costoso
25%
(city) block cuadra
25%
priest (m), cure (f) cura
25%
ten (of something) decena
25%
heavy, dense, thick denso
25%
to deposit, place, store depositar
25%
desperation, exasperation desesperación
25%
awake despierto
25%
detailed, thorough detallado
25%
to devour, consume devorar
25%
aforementioned, said dicho
25%
with difficulty difícilmente
25%
lecture, discourse, talk discurso
25%
to distract distraer
25%
to fall in love enamorar
25%
to deliver entregar
25%
specialized, skilled especializado
25%
establishment establecimiento
25%
film, movie film
25%
grease, fat grasa
25%
female, woman hembra
25%
mushroom, fungus hongo
25%
indigenous, native indígena
25%
to exchange intercambiar
25%
toy juguete
25%
liter litro
25%
dawn, daybreak madrugada
25%
wonderful, marvelous maravilloso
25%
mass, dough, bulk, crowd masa
25%
mountainous montañoso
25%
(piece of) furniture mueble
25%
observer observador
25%
paragraph párrafo
25%
to divide, leave, a p. de: starting partir
25%
fare, passage, lane pasaje
25%
to go for a walk, ride pasear
25%
step, pace paso
25%
to prohibit, forbid prohibir
25%
provincial provincial
25%
to project proyectar
25%
rank, range rango
25%
ray, beam, lightning rayo
25%
to relate relacionar
25%
to keep, retain retener
25%
harshness, rigor rigor
25%
symbol símbolo
25%
nice, likeable, friendly simpático
25%
to situate, place, locate situar
25%
salary, pay sueldo
25%
temptation tentación
25%
troops, forces tropa
25%
to empty, pour out vaciar
25%
Venezuelan venezolano
25%
sale venta
25%
to wear, dress vestir
25%
village, town villa
25%
to advise, counsel aconsejar
13%
also, as well, besides además
13%
to move away alejar
13%
food, nourishment alimento
13%
surrounding area, vicinity alrededor
13%
threat amenaza
13%
to point, note, aim apuntar
13%
to kneel arrodillar
13%
murder, assassination asesinato
13%
helper, assistant ayudante
13%
to come down, let down bajar
13%
beast, brute bestia
13%
boat, container bote
13%
camp, camping campamento
13%
cell celda
13%
dining room comedor
13%
competition, contest competencia
13%
of the community comunitario
13%
to lead, drive conducir
13%
courage, toughness coraje
13%
Costa Rican costarricense
13%
cost, price coste
13%
crossing, intersection cruce
13%
data, fact dato
13%
demon, devil demonio
13%
to undo, destroy, take apart deshacer
13%
to detach, take off (plane) despegar
13%
directly, straight away directamente
13%
to shoot (at) disparar
13%
to envy envidiar
13%
exile exilio
13%
to favor, help favorecer
13%
philosophical filosófico
13%
manager, director gerente
13%
infrastructure infraestructura
13%
immense, vast, huge inmenso
13%
rage, wrath ira
13%
bow, knot, tie, lasso lazo
13%
to liberate, set free librar
13%
mixed, co-ed mixto
13%
to murmur, whisper, mutter murmurar
13%
sin pecado
13%
danger, menace peligro
13%
to preach predicar
13%
renewal, renovation renovación
13%
to greet, say hello saludar
13%
follower, supporter, fan seguidor
13%
similar, such, alike semejante
13%
even (if) siquiera
13%
loneliness, solitude soledad
13%
solemn solemne
13%
surprising, astonishing sorprendente
13%
chart, board, table, plank tabla
13%
tomb, grave tumba
13%
agreement, accord acorde
0%
luckily, fortunately afortunadamente
0%
to (put in) group agrupar
0%
needle, spire, stylus aguja
0%
(el) anxiety, anguish ansia
0%
appearance, aspect apariencia
0%
to call upon, appeal to apelar
0%
to squeeze, tighten, compress apretar
0%
to take advantage of aprovechar
0%
note, annotation apunte
0%
candidate, applicant aspirante
0%
increase, rise aumento
0%
academic degree bachillerato
0%
atrocity barbaridad
0%
shine, twinkling, sparkle brillo
0%
bulk, shape bulto
0%
personality, nature carácter
0%
stream, jet, spurt chorro
0%
to slip in [se] colar
0%
to fight against combatir
0%
fellow countryman compatriota
0%
committed, engaged comprometido
0%
to move, affect conmover
0%
believer, follower creyente
0%
crime, offense delito
0%
to claim, sue demandar
0%
to clear up, unwrap desenvolver
0%
to slide, glide, slip deslizar
0%
to assign, appoint destinar
0%
to confer, talk dialogar
0%
diminutive, tiny, minute diminuto
0%
executive, manager | managerial, administrative directivo
0%
residence, address domicilio
0%
to trick, deceive engañar
0%
deceit, falsehood, hoax engaño
0%
environment, surroundings entorno
0%
shipment, delivery envío
0%
to balance equilibrar
0%
to scare, frighten espantar
0%
outline, diagram, plan esquema
0%
stage, period etapa
0%
financing, funding financiación
0%
firmness firmeza
0%
to flower, bloom, flourish florecer
0%
fleet flota
0%
forest forestal
0%
strip, stripe, fringe franja
0%
to manage, handle gestionar
0%
hit, strike, punch golpe
0%
finding, discovery hallazgo
0%
to prevent, hinder impedir
0%
empire, fortune imperio
0%
nature, temperament índole
0%
unbearable, intolerable insoportable
0%
to hurt, damage lastimar
0%
(river) bed, couch lecho
0%
canvas, painting lienzo
0%
slightly, lightly ligeramente
0%
skill, mastery maestría
0%
compassion, mercy misericordia
0%
nest nido
0%
however, nevertheless obstante
0%
pale, ghastly, faded pálido
0%
labor strike, attack paro
0%
boarding house pensión
0%
pertaining, belonging perteneciente
0%
fully plenamente
0%
reason, cause porqué
0%
prejudice prejuicio
0%
procedure, proceedings procedimiento
0%
to remove, take away quitar
0%
to renew, resume reanudar
0%
grounds, precincts recinto
0%
clipping, cutting, trimming recorte
0%
reflection reflexión
0%
to rule, govern, manage regir
0%
grudge, spite rencor
0%
[se] to give in, to render rendir
0%
to review, revise repasar
0%
full, overcrowded repleto
0%
to require requerir
0%
to slip resbalar
0%
tough, resistant, durable resistente
0%
retreat, withdrawal retirada
0%
blood, bloody sanguíneo
0%
sensitive, sentient sensible
0%
quiet, silent silencioso
0%
labor union sindical
0%
to be too much, left over sobrar
0%
united, jointly shared solidario
0%
underground subterráneo
0%
successor sucesor
0%
survival supervivencia
0%
replacement, substitution sustitución
0%
fright, scare susto
0%
calmly, peacefully tranquilamente
0%
to roam, wander vagar
0%
path, sidewalk vereda
0%
force, strength, vigor vigor
0%
tie, bond, link vínculo
0%
virtue, quality virtud
0%
eve víspera
0%
No matching quizzes found
Score Distribution
Percent of People with Each Score
Percentile by Number Answered
Your Score History
You have not taken this quiz